Top 10 Highest Grossing Films of 1956 - Statistics

General Stats
  • This quiz has been taken 11 times
  • The average score is 2 of 10
Answer Stats
# Film $ Grossed % Correct
9 The Man Who Knew Too Much $10.25M
73%
1 The Ten Commandments $93.74M
64%
3 Giant $35.00M
27%
4 The King and I $21.30M
27%
2 Around the World in 80 Days $42.00M
18%
6 War and Peace $12.50M
9%
5 High Society $15.00M
0%
8 Moby Dick $10.40M
0%
10 Pardners $7.92M
0%
7 The Man in the Gray Flannel Suit $10.88M
0%
No matching quizzes found
Score Distribution
Percent of People with Each Score
Percentile by Number Answered
Your Score History
You have not taken this quiz